000 00360nam a2200121Ia 4500
008 200611s9999 xx 000 0 und d
020 _a9.7818539117e+012
245 _aFood :
_bThe definitive guide /
260 _aLondon :
_bMurdoch Books
_c2001
300 _a496 pages :
_bcolored illustrations
500 _aIncludes index and bibliography
650 _aCooking
999 _c363485
_d363485